Abuelas queridas : ¡que vivan sus derechos! /

Segunda parte del libro El arte de ser abuela de Guadalupe Loaeza, este cuenta con la colaboración de la psicóloga Adriana Luna Parra. Sigue con la temática del primero y aunque en su título menciona los derechos de los abuelos no es un manual legal sino la experiencia de esta etapa de la vida en la...

وصف كامل

محفوظ في:
التفاصيل البيبلوغرافية
المؤلف الرئيسي: Loaeza, Guadalupe (autor)
مؤلفون آخرون: Luna Parra, Adriana (autor) (autor)
التنسيق: كتاب
اللغة:الإسبانية
منشور في: México : Endira, 2012, c2012
الموضوعات:
الوسوم: إضافة وسم
لا توجد وسوم, كن أول من يضع وسما على هذه التسجيلة!

MARC

LEADER 00000nam^a2200000^a^4500
001 000327819
005 20250521000000.0
009 20260310113847.549
020 |a 978-607-8035-67-0 
020 |a 978-607-835-67-0 
037 |a Acervo ITESO - Biblioteca 
041 |a ESP 
082 |a 306. 8745  |b LOA 
100 |a Loaeza, Guadalupe  |e (autor) 
240 1 4 |a [El arte de ser abuela] 
245 1 0 |a Abuelas queridas :  |b ¡que vivan sus derechos! /  |c G. Loaeza, A. Luna Parra. 
264 4 |a México :  |b Endira,  |c 2012, c2012 
300 |a 159 p. 
336 |a texto  |b txt  |2 rdacontenido 
337 |a sin mediación  |b n  |2 rdamedio 
338 |a volumen  |b nc  |2 rdasoporte 
520 |a Segunda parte del libro El arte de ser abuela de Guadalupe Loaeza, este cuenta con la colaboración de la psicóloga Adriana Luna Parra. Sigue con la temática del primero y aunque en su título menciona los derechos de los abuelos no es un manual legal sino la experiencia de esta etapa de la vida en la mujer adulta que posee nietos. 
545 0 |a Guadalupe Loaeza (1946), periodista y escritora mexicana nacida en la ciudad de México. Recibió la Orden de la Legión de Honor en grado de caballero del gobierno francés en 2003. Ha colaborado en diversos medios de comunicación como la radio, televisión, periódicos y revistas. Sus escritos retratan la vida cotidiana, transformaciones y aspiraciones de las clases sociales de México; y recrean los estilos de vida y tendencias de diversos personajes de la cultura o la política, sean históricos o emblemáticos. Entre sus obras tenemos: los cuentos Primero las damas y Miroslava (mismo que inspiró el guión de la película homónima de Alejandro Pelayo); las compilaciones de sus colaboraciones periodísticas Las niñas bien (1985); Obsesiones (1994); Sin cuenta (1996); Detrás del espejo; Las reinas de Polanco (1997); Los grillos y otras grillas (1997); las obras en que funde ambos géneros: Mujeres maravillosas (1997); Compro, luego existo (1997), la novela Las yeguas finas (2003) y De mexicanos como la lotería: anécdotas que marcaron su lugar en la historia (2009). 
561 |a Obra autografiada por la autora para el ITESO 
649 |a XX 
650 |a Abuelos -  |x Tema Principal 
650 |a Relaciones Familiares 
650 |a Relaciones Padres-Hijos 
650 |a Vida Cotidiana 
650 |a Prácticas Culturales 
650 |a Sociología de la Cultura 
650 |a Rimas Infantiles -  |z México 
650 |a Cartas Mexicanas 
650 |a Literatura Mexicana -  |y Siglo XXI 
650 |a Literatura Autobiográfica -  |z México 
700 |a Luna Parra, Adriana  |e (autor) 
910 |a Fondo General 
920 |a Impresos - Libros 
930 |a Reserva Especial 
905 |a 103 
901 |a 0500217172  |b IT1  |c REE  |i C135046  |u 20250521 
902 |a https://opac.biblio.iteso.mx/vufind/Record/000327819